<?xml version="1.0" encoding="UTF-8"?>
<record
    xmlns:xsi="http://www.w3.org/2001/XMLSchema-instance"
    xsi:schemaLocation="http://www.loc.gov/MARC21/slim http://www.loc.gov/standards/marcxml/schema/MARC21slim.xsd"
    xmlns="http://www.loc.gov/MARC21/slim">

  <leader>01128nam0a22002771  4500</leader>
  <controlfield tag="001">v19\rc\1727308</controlfield>
  <controlfield tag="005">20260405223556.0</controlfield>
  <datafield tag="035" ind1=" " ind2=" ">
    <subfield code="a">(NLR Aleph) 005231053</subfield>
  </datafield>
  <datafield tag="090" ind1=" " ind2=" ">
    <subfield code="a">5605785</subfield>
    <subfield code="c">5605785</subfield>
  </datafield>
  <datafield tag="100" ind1=" " ind2=" ">
    <subfield code="a">20061002d1901    |||y0rusy50      ca</subfield>
  </datafield>
  <datafield tag="101" ind1="0" ind2=" ">
    <subfield code="a">rus</subfield>
  </datafield>
  <datafield tag="102" ind1=" " ind2=" ">
    <subfield code="a">RU</subfield>
  </datafield>
  <datafield tag="105" ind1=" " ind2=" ">
    <subfield code="a">y   z   |||a|</subfield>
  </datafield>
  <datafield tag="200" ind1="1" ind2=" ">
    <subfield code="a">&#x421;&#x43E;&#x43D; &#x432; &#x440;&#x43E;&#x436;&#x434;&#x435;&#x441;&#x442;&#x432;&#x435;&#x43D;&#x441;&#x43A;&#x443;&#x44E; &#x43D;&#x43E;&#x447;&#x44C;</subfield>
    <subfield code="e">&#x41F;&#x44C;&#x435;&#x441;&#x430; &#x432; 3 &#x447;. (&#x432; 6 &#x43A;&#x430;&#x440;&#x442;. &#x441; &#x430;&#x43F;&#x43E;&#x444;&#x435;&#x43E;&#x437;&#x43E;&#x43C;)</subfield>
    <subfield code="e">(&#x421;&#x44E;&#x436;&#x435;&#x442; &#x437;&#x430;&#x438;&#x43C;&#x441;&#x442;&#x432;&#x43E;&#x432;&#x430;&#x43D; &#x443; &#x413;.&#x41C;. &#x410;&#x43D;&#x434;&#x435;&#x440;&#x441;&#x435;&#x43D;&#x430; &#x438; &#x420;. &#x424;&#x43E;&#x441;&#x441;&#x430;)</subfield>
    <subfield code="f">[&#x421;&#x43E;&#x447;.] &#x412;.&#x418;. &#x412;&#x43B;&#x430;&#x434;&#x438;&#x43C;&#x438;&#x440;&#x43E;&#x432;&#x430; (&#x41B;&#x430;&#x43D;&#x433;&#x430;&#x43C;&#x43C;&#x435;&#x440;)</subfield>
  </datafield>
  <datafield tag="210" ind1=" " ind2=" ">
    <subfield code="a">&#x41A;&#x438;&#x435;&#x432;</subfield>
    <subfield code="c">&#x442;&#x438;&#x43F;. &#x418;.&#x418;. &#x413;&#x43E;&#x440;&#x431;&#x443;&#x43D;&#x43E;&#x432;&#x430;</subfield>
    <subfield code="d">1901</subfield>
  </datafield>
  <datafield tag="215" ind1=" " ind2=" ">
    <subfield code="a">[4], 80 &#x441;.</subfield>
    <subfield code="d">17</subfield>
  </datafield>
  <datafield tag="700" ind1=" " ind2="1">
    <subfield code="8">rus</subfield>
    <subfield code="7">ca</subfield>
    <subfield code="a">&#x41B;&#x430;&#x43D;&#x433;&#x430;&#x43C;&#x43C;&#x435;&#x440;</subfield>
    <subfield code="b">&#x412;. &#x418;.</subfield>
    <subfield code="f">1848-1910</subfield>
    <subfield code="g">&#x412;&#x43B;&#x430;&#x434;&#x438;&#x43C;&#x438;&#x440; &#x418;&#x432;&#x430;&#x43D;&#x43E;&#x432;&#x438;&#x447;</subfield>
    <subfield code="3">RU\NLR\AUTH\77101758</subfield>
    <subfield code="9">84684</subfield>
  </datafield>
  <datafield tag="702" ind1=" " ind2="1">
    <subfield code="a">&#x410;&#x43D;&#x434;&#x435;&#x440;&#x441;&#x435;&#x43D;</subfield>
    <subfield code="b">&#x413;.&#x41C;.</subfield>
    <subfield code="4">100</subfield>
  </datafield>
  <datafield tag="702" ind1=" " ind2="1">
    <subfield code="a">&#x424;&#x43E;&#x441;&#x441;</subfield>
    <subfield code="b">&#x420;.</subfield>
    <subfield code="f">1851-1918</subfield>
    <subfield code="g">&#x420;&#x438;&#x445;&#x430;&#x440;&#x434;</subfield>
    <subfield code="4">100</subfield>
  </datafield>
  <datafield tag="801" ind1=" " ind2="0">
    <subfield code="a">RU</subfield>
    <subfield code="b">NLR</subfield>
    <subfield code="c">20061002</subfield>
    <subfield code="g">psbo</subfield>
  </datafield>
  <datafield tag="801" ind1=" " ind2="0">
    <subfield code="a">RU</subfield>
    <subfield code="b">RuMoRGB</subfield>
    <subfield code="c">20061002</subfield>
    <subfield code="2">psbo</subfield>
  </datafield>
  <datafield tag="801" ind1=" " ind2="1">
    <subfield code="a">RU</subfield>
    <subfield code="b">ProSoft-M</subfield>
    <subfield code="c">20061002</subfield>
    <subfield code="2">rusmarc</subfield>
  </datafield>
  <datafield tag="801" ind1=" " ind2="2">
    <subfield code="a">RU</subfield>
    <subfield code="b">NLR</subfield>
    <subfield code="c">20111004</subfield>
    <subfield code="2">rusmarc</subfield>
  </datafield>
  <datafield tag="852" ind1=" " ind2=" ">
    <subfield code="a">NLR</subfield>
    <subfield code="j">18.331.3.1</subfield>
  </datafield>
  <datafield tag="942" ind1=" " ind2=" ">
    <subfield code="c">BOOK</subfield>
  </datafield>
  <datafield tag="980" ind1=" " ind2=" ">
    <subfield code="a">NB</subfield>
  </datafield>
  <datafield tag="995" ind1=" " ind2=" ">
    <subfield code="5">2013-10-26</subfield>
    <subfield code="b">NLR02</subfield>
    <subfield code="c">NLR02</subfield>
    <subfield code="e">RFS</subfield>
    <subfield code="f">5231053-10</subfield>
    <subfield code="k">18.331.3.1</subfield>
    <subfield code="o">0</subfield>
    <subfield code="r">BOOK</subfield>
    <subfield code="s">1833131_</subfield>
  </datafield>
</record>
